Largest Media Markets (USA) Quiz Stats

 Plays Quiz Updated Jan 8, 2018

Score 0/100 Timer 15:00
6 Plays Today
Rank Designated Market Area % Correct
1New York, NY
99.3%
2Los Angeles, CA
97.2%
3Chicago, IL
96%
5Dallas - Fort Worth, TX
93.9%
8San Francisco - Oakland - San Jose, CA
93.9%
16Miami - Ft. Lauderdale, FL
93.5%
10Boston, MA
92.6%
7Houston, TX
92.1%
12Seattle -Tacoma, WA
91.8%
4Philadelphia, PA
90.6%
9Atlanta, GA
89.2%
6Washington, DC
88.4%
29San Diego, CA
88%
14Detroit, MI
87.5%
11Phoenix, AZ
86.9%
79Portland - Auburn, ME
86.5%
22Portland, OR
86.3%
17Denver, CO
85.8%
19Cleveland - Akron, OH
84.5%
51New Orleans, LA
84.2%
24Pittsburgh, PA
83.9%
40Las Vegas, NV
83.4%
33Kansas City, MO
82.2%
21St. Louis, MO
82.2%
15Minneapolis, MN
81.7%
95Jackson, MS
81.5%
27Nashville, TN
80.7%
28Indianapolis, IN
80.5%
100Greenville - New Bern - Washington, NC
80.4%
18Orlando - Daytona Beach - Melbourne, FL
80.3%
31San Antonio, TX
79.8%
26Baltimore, MD
79.5%
41Oklahoma City, OK
79.4%
13Tampa - St. Petersburg - Sarasota, FL
78.5%
Rank Designated Market Area % Correct
35Cincinnati, OH
77.8%
50Memphis, TN
76.5%
34Columbus, OH
76.3%
39Austin, TX
75.6%
42Jacksonville, FL - Brunswick, GA
75.6%
20Sacramento - Modesto - Stockton, CA
75.2%
53Buffalo, NY
74%
25Raleigh - Durham, NC
73.6%
23Charlotte, NC
72.9%
30Salt Lake City, UT
72.6%
46Albuquerque - Santa Fe, NM
72%
36Milwaukee, WI
70.8%
49Louisville, KY
67.6%
58Little Rock - Pine Bluff, AR
65.9%
73Charleston - Huntington, WV
63.7%
88Champaign - Springfield - Decatur, IL
63.7%
92Charleston, SC
63%
60Albany - Schnectady - Troy, NY
62.8%
55Richmond - Petersburg, VA
62.7%
32Hartford - New Haven, CT
62.6%
68Des Moines - Ames, IA
62.2%
75Springfield, MO
62.1%
66Honolulu, HI
61.6%
74Omaha, NE
60.5%
94Baton Rouge, LA
60.4%
93El Paso, TX
60%
52Providence, RI - New Bedford, MA
59%
44Birmingham, AL
59%
81Madison, WI
58.5%
65Tucson, AZ
53.4%
77Columbia, SC
52.9%
62Tulsa, OK
52.7%
63Lexington, KY
49.7%
85Syracuse, NY
49.6%
Rank Designated Market Area % Correct
59Mobile, AL - Pensacola, FL
49.3%
69Green Bay - Appleton, WI
48.5%
87Colorado Springs - Pueblo, CO
48.1%
61Knoxville, TN
46.5%
76Rochester, NY
46.4%
90Savannah, Ga
44.5%
45Harrisburg - Lancaster - Lebanon - York, PA
43.5%
78Toledo, OH
43%
47Norfolk - Portsmouth - Newport News, VA
41.4%
67Wichita - Hutchinson, KS
41.4%
82Paducah, KY Cape Girardeau, MO - Harrisburg - Mt. Vernon, IL
41.2%
54Fresno - Visalia, CA
40.6%
64Dayton, OH
40.3%
72Spokane, WA
39%
43Grand Rapids - Kalamazoo - Battle Creek, MI
36.6%
48Greensboro - High Point - Winston Salem, NC
36.1%
57Wilkes Barre - Scranton, PA
30.5%
38Greenville - Spartanburg, SC-Asheville, NC- Anderson, SC
29.2%
83Shreveport, LA
28.7%
86Waco - Temple - Bryan, TX
25.9%
89Chattanooga, TN
25.6%
71Flint - Saginaw - Bay City, MI
24.9%
96South Bend - Elkhart, IN
22.6%
97Burlington, VT - Plattsburgh, NY
22.6%
80Huntsville - Decatur - Florence, AL
22.1%
91Cedar Rapids - Waterloo - Dubuque, IA
20.7%
56Ft. Myers - Naples, FL
20%
84Harlingen - Weslaco - Brownsville - McAllen, TX
19.4%
70Roanoke - Lynchburg, VA
19.2%
98Ft. Smith, AR
16.2%
37West Palm Beach - Fort Pierce, FL
11.6%
99Tri Cities, TN
7.4%

You're not logged in!

Compare scores with friends on all Sporcle quizzes.
OR
Log In

Show Comments

Extras

Top Quizzes Today


Score Distribution

Your Account Isn't Verified!

In order to create a playlist on Sporcle, you need to verify the email address you used during registration. Go to your Sporcle Settings to finish the process.

Report this User

Report this user for behavior that violates our Community Guidelines.

Details: